Principles of management

Bibliographic Details
Main Author: Davis, Ralph Currier , 1894- (Author)
Format: Book
Published: New York : Alexander Hamilton Institute , c1977
Series:Modern business v.6
Subjects:

MARC

LEADER 00000cam a2200000 7i4500
001 0000006588
005 20160905093000.0
008 021119s1977
090 0 0 |a HF5351   |b .M62 
100 0 |a Davis, Ralph Currier ,   |d 1894- ,   |e author 
245 0 0 |a Principles of management   |c by Ralph Currier Davis and Alan C. Filley 
260 2 |a New York :   |b Alexander Hamilton Institute ,   |c c1977 
300 |a 370 p., 33 p. ; ;   |c 22 cm. 
440 0 0 |a Modern business   |v v.6 
500 |a Includes index 
650 0 |a Management 
999 |a 1000033303   |b Book   |c Reference   |e Gong Badak Campus